000 01152cam a2200337 a 4500
001 2538211
005 20260427051629.0
008 940128s1993 ii ab b 000 0 eng
020 _a0195632133
020 _a9780195632132
025 _aI-E-72141
035 _a2538211
040 _aDLC
_cDLC
_dDLC
042 _alcode
043 _aa-ii---
082 _a305.56 ROB
245 0 0 _aDalit movements and the meanings of labour in India /
_cedited by Peter Robb.
260 _aDelhi :
_bOxford University Press,
_c1993.
300 _aviii, 354 p. :
_bill. ;
_c23 cm.
365 _bRs. 175
440 0 _aSOAS studies on South Asia
504 _aIncludes bibliographical references.
650 0 _aDalits
_xEmployment
_zIndia
_xHistory
_y18th century.
650 0 _aDalits
_xEmployment
_zIndia
_xHistory
_y19th century.
650 0 _aDalits
_xEmployment
_zIndia
_xHistory
_y20th century.
700 1 _aRobb, Peter
_q(Peter G.)
906 _a7
_bcbc
_corigode
_d2
_encip
_f19
_gy-gencatlg
942 _2ddc
_cBK
999 _c19909
_d19909